000 00698nam a2200205 a 4500
001 000030954
005 20240412074255.0
008 110608s1922 dr r 000 p spa d
040 _aDO-SdBNP
_bspa
_cBNPHU
082 _aRD861.42
_bR457t
100 1 _aReyes, Juan de Jesús,
_957468
245 1 0 _aDe tierras cálidas /
_cJuan de Jesús Reyes ; prólogo R. Emilio Jiménez.
260 _aSantiago, República Dominicana :
_bLa información,
_c1922.
300 _avii, 90 p. ;
_c22 cm.
590 _aInventariado, 2018/LP
650 0 _aPoesía dominicana
_966
650 0 _aLiteratura dominicana.
_967
700 1 _aJiménez, R. Emilio,
_epról.
_923963
910 _aValidado. Control de calidad MFF
999 _c30446
_d30446